Những yếu tố xác lập vai trò chăm sóc sức khỏe của gia đình /
Enregistré dans:
| Auteur principal: | |
|---|---|
| Format: | Article |
| Langue: | Vietnamese |
| Sujets: | |
| Tags: |
Ajouter un tag
Pas de tags, Soyez le premier à ajouter un tag!
|
| Thư viện lưu trữ: | Thư viện Trường Đại học Đà Lạt |
|---|
| LEADER | 00770nam a2200277 4500 | ||
|---|---|---|---|
| 001 | DLU090103380 | ||
| 040 | # | # | |a DLU |b vie |
| 041 | # | # | |a vie |
| 044 | # | # | |a vn |
| 100 | # | # | |a Trịnh Hoà Bình |
| 245 | # | # | |a Những yếu tố xác lập vai trò chăm sóc sức khỏe của gia đình / |c Trịnh Hoà Bình |
| 653 | # | # | |a Chăm sóc sức khỏe |
| 653 | # | # | |a Gia đình |
| 773 | # | # | |t Xã hội học |g Số 4, 1996, tr 39 - 44 |
| 920 | # | # | |a Phòng Tạp chí -- Trung tâm Thông tin - Thư viện Trường Đại học Đà Lạt |
| 933 | # | # | |a CP |
| 933 | # | # | |a XH |
| 994 | # | # | |a DLU |
| 900 | # | # | |a True |
| 911 | # | # | |a Trần Văn Thống Nhất |
| 925 | # | # | |a G |
| 926 | # | # | |a A |
| 927 | # | # | |a BB |
| 980 | # | # | |a Thư viện Trường Đại học Đà Lạt |